000 00326nam a2200109Ia 4500
008 171211s9999 xx 000 0 und d
245 _aEncyclopedia of Islamic Herbal Medicine
245 _cJohn Andrew Morrow
260 _c2011
650 _xEncyclopedia and Dictionary
856 _uhttp://down.ebook777.com/057/0786447079.pdf
999 _c350182
_d350182